000 00283nam a2200121Ia 4500
008 191201s2019 xx 000 0 und d
100 _aRai Neerparaj
245 0 _aArduino Projects for engineers
250 _a1st
260 _bBPB Pub.
_aNEW DELHI
300 _a246
942 _2ddc
_cBK
999 _c8162
_d8162